Statistiques concernant Pokémon de type Eau

Cliquez ici pour prendre le quiz!

Statistiques générales

  • Ce quiz a été pris 367 fois
    (43 depuis la dernière actualisation)
  • Le résultat moyen est 123 sur 145

Statistiques - réponses

Pokémon % Correct
Carabaffe
100%
Magicarpe
100%
Grenousse
100%
Tortank / Méga-Tortank
100%
Carapuce
100%
Tiplouf
100%
Amphinobi / Sachanobi
100%
Akwakwak
93%
Léviator / Méga-Léviator
93%
Lamantine
93%
Lokhlass
93%
Lovdisc
93%
Maraiste
93%
Têtarte
93%
Lakmécygne
93%
Mateloutre
93%
Krabboss
93%
Hyporoi
93%
Hypocéan
93%
Gobou
93%
Hypotrempe
93%
Kaiminus
93%
Mégapagos
93%
Kokiyas
93%
Krabby
93%
Milobellus
93%
Psykokwak
93%
Prinplouf
93%
Poissoroy
93%
Ptitard
93%
Rémoraid
93%
Suicune
93%
Stari
93%
Sharpedo / Méga-Sharpedo
93%
Poissirène
93%
Pingoléon
93%
Gamblast
93%
Oratoria
93%
Octillery
93%
Otaquin
93%
Tartard
93%
Otarlette
93%
Otaria
93%
Tarpaud
93%
Laggron / Méga-Laggron
93%
Babimanta
93%
Crocrodil
93%
Axoloto
93%
Crustabri
93%
Wailord
93%
Croâporal
93%
Barpau
93%
Colhomard
93%
Clamiral
93%
Wailmer
93%
Carvanha
93%
Carapagos
93%
Écrapince
93%
Démanta
93%
Arakdo
93%
Flingouste
93%
Flobio
93%
Aquali
93%
Amonistar
93%
Amonita
93%
Aligatueur
93%
Batracné
86%
Palkia
86%
Phione
86%
Mustéflott
86%
Nénupiot
86%
Tritonde
86%
Tentacool
86%
Barloche
86%
Bekipan
86%
Tentacruel
86%
Prédastérie
86%
Roigada
86%
Araqua
86%
Arceus (Plaque Hydro)
86%
Rosabyss
86%
Sancoki
86%
Relicanth
86%
Ramoloss
86%
Barbicha
86%
Serpang
86%
Tarenbulle
86%
Staross
86%
Mustébouée
86%
Bargantua
86%
Moustillon
86%
Ludicolo
86%
Vorastérie
86%
Kyogre / Primo-Kyogre
86%
Couaneton
86%
Lombre
86%
Moyade
86%
Tritosor
86%
Manaphy
86%
Mamanbo
86%
Coquiperl
86%
Goélise
86%
Flotoutan
86%
Volcanion
86%
Flotajou
86%
Viskuse
86%
Flagadoss / Méga-Flagadoss
86%
Kabuto
79%
Écayon
79%
Golgopathe
79%
Kabutops
79%
Kaimorse
79%
Keldeo
79%
Lanturn
79%
Obalie
79%
Phogleur
79%
Castorno
79%
Luminéon
79%
Opermine
79%
Loupio
79%
Morphéo (Pluie)
79%
Motisma-Lavage
79%
Larméléon
79%
Crapustule
79%
Froussardine
71%
Venalgue
71%
Sovkipou
71%
Azumarill
71%
Denticrisse
71%
Sarmuraï
71%
Silvallié (ROM Eau)
71%
Corayon
71%
Tokopisco
71%
Marill
71%
Lézargus
64%
Concombaffe
64%
Qwilfish
64%
Embrochet
64%
Arrozard
57%
Nigosier
57%
Hastacuda
50%
Torgamord
50%
Hydragon
36%
Khélocrok
36%
Hydragla
36%

Distribution des résultats

Percentile by Number Answered

% des personnes avec chaque résultat

Votre développement - résultats

Vous n’avez pas pris ce quiz depuis la dernière actualisation